[Event "FIDE WCC Blitz Women 2019"]
[Site "Moscow"]
[Date "2019.12.29"]
[Round "2.26"]
[White "Antova, Gabriela"]
[Black "Munguntuul, Batkhuyag"]
[Result "0-1"]
[WhiteElo "1965"]
[BlackElo "2282"]
[Annotator "NA"]
[PlyCount "92"]
[EventDate "2019.12.29"]
[EventType "swiss"]
[EventCountry "RUS"]
[SourceTitle "playchess.com"]
[Source "ChessBase"]
[SourceQuality "1"]

1. e4 c5 2. Nf3 e6 3. d4 cxd4 4. Nxd4 Nc6 5. Nc3 Qc7 6. Be3 a6 7. Qd2 Nf6 8. O-O-O Bb4 9. f3 O-O 10. Nb3 b5 11. Qe1 Bb7 12. g4 Ne5 13. Be2 Nc4 14. Bxc4 bxc4 15. Nd4 d5 16. g5 Nd7 17. exd5 exd5 18. Qg3 Qa5 19. Nde2 Rfe8 20. Bd4 Nc5 21. a3 Bxa3 22. bxa3 Qxa3+ 23. Kd2 Ne6 24. Ra1 Qe7 25. Qe5 Nxd4 26. Qxd4 Qxg5+ 27. f4 Qf5 28. Rhg1 g6 29. Rg5 Qh3 30. f5 Qxh2 31. fxg6 hxg6 32. Rag1 Re6 33. R5g2 Qh6+ 34. Kd1 Rae8 35. Nf4 Re4 36. Nxe4 Rxe4 37. Qd2 Qxf4 38. Qxf4 Rxf4 39. Re2 Kg7 40. Re7 Bc6 41. Kd2 d4 42. Rc7 Bb5 43. Re1 Rf2+ 44. Kc1 d3 45. cxd3 cxd3 46. Rd1 g5 0-1

[Event "FIDE WCC Blitz Women 2019"]
[Site "Moscow"]
[Date "2019.12.29"]
[Round "2.27"]
[White "Muzychuk, Anna"]
[Black "Zhuravleva, Olga"]
[Result "1-0"]
[WhiteElo "2504"]
[BlackElo "2127"]
[Annotator "RC"]
[PlyCount "29"]
[EventDate "2019.12.29"]
[EventType "swiss"]
[EventCountry "RUS"]
[SourceTitle "playchess.com"]
[Source "ChessBase"]
[SourceQuality "1"]

1. e4 e5 2. Nf3 Nc6 3. Nc3 Nf6 4. Bb5 Bb4 5. O-O d6 6. Nd5 Ba5 7. d4 exd4 8. Bg5 Bg4 9. h3 Bh5 10. g4 Bg6 11. Nxd4 O-O 12. Bxc6 Bxe4 13. Bxf6 gxf6 14. Bxb7 Bxd5 15. Bxd5 1-0

[Event "FIDE WCC Blitz Women 2019"]
[Site "Moscow"]
[Date "2019.12.29"]
[Round "2.29"]
[White "Pourkashiyan, Atousa"]
[Black "Charochkina, Daria"]
[Result "1/2-1/2"]
[WhiteElo "2327"]
[BlackElo "2212"]
[Annotator "NA"]
[PlyCount "90"]
[EventDate "2019.12.29"]
[EventType "swiss"]
[EventCountry "RUS"]
[SourceTitle "playchess.com"]
[Source "ChessBase"]
[SourceQuality "1"]

1. e4 c5 2. Nf3 e6 3. d4 cxd4 4. Nxd4 a6 5. Nc3 b5 6. Bd3 Bb7 7. O-O Nc6 8. Be3 Nf6 9. Kh1 Ne5 10. f4 Nxd3 11. cxd3 Be7 12. Qf3 O-O 13. Qh3 Rc8 14. a3 d6 15. Rae1 Kh8 16. f5 e5 17. Nf3 d5 18. exd5 Nxd5 19. Nxe5 Nxe3 20. Rxe3 Bf6 21. Ng4 Bg5 22. f6 Bxe3 23. fxg7+ Kxg7 24. Qxe3 f5 25. Qe5+ Kg6 26. Ne3 Qf6 27. Qg3+ Qg5 28. Qd6+ Rf6 29. Qe7 f4 30. Qxb7 fxe3 31. Re1 Rcf8 32. Qe4+ Kg7 33. Ne2 Rf1+ 34. Rxf1 Rxf1+ 35. Ng1 Qf4 36. Qe7+ Kg6 37. Qe6+ Kg5 38. Qe7+ Kf5 39. Qd7+ Ke5 40. d4+ Ke4 41. Qxh7+ Qf5 42. Qh4+ Kd3 43. d5 e2 44. d6 Rxg1+ 45. Kxg1 Qf1# 1/2-1/2

[Event "FIDE WCC Blitz Women 2019"]
[Site "Moscow"]
[Date "2019.12.29"]
[Round "2.30"]
[White "Socko, Monika"]
[Black "Novikova, Anna"]
[Result "1-0"]
[WhiteElo "2286"]
[BlackElo "2045"]
[Annotator "NA"]
[PlyCount "139"]
[EventDate "2019.12.29"]
[EventType "swiss"]
[EventCountry "RUS"]
[SourceTitle "playchess.com"]
[Source "ChessBase"]
[SourceQuality "1"]

1. d4 d5 2. c4 e6 3. Nf3 c6 4. Nbd2 Nf6 5. g3 Be7 6. Bg2 O-O 7. O-O b6 8. Qc2 Bb7 9. Rd1 Nbd7 10. e4 dxe4 11. Nxe4 Nxe4 12. Qxe4 Nf6 13. Qc2 Rc8 14. Ne5 h6 15. Bf4 Nh5 16. Be3 Nf6 17. Rac1 Nd7 18. a3 a5 19. Qe4 Nxe5 20. dxe5 Qc7 21. c5 Bxc5 22. Bxc5 bxc5 23. Rxc5 Rfd8 24. Rcc1 Qb6 25. Qc2 Rxd1+ 26. Rxd1 c5 27. Bxb7 Qxb7 28. Rd6 c4 29. h4 h5 30. Qd2 Qc7 31. Qe2 g6 32. Qf3 Rd8 33. Qf4 Rc8 34. Qf3 a4 35. Qe4 c3 36. bxc3 Qxc3 37. Rd3 Qc1+ 38. Kg2 Qc6 39. Qxc6 Rxc6 40. Rd4 Ra6 41. Kf3 Ra5 42. Ke4 Kf8 43. f4 Ke7 44. Rb4 Kd7 45. Kd4 Kc6 46. Rc4+ Kb6 47. Ke4 Ra7 48. Kd4 Rd7+ 49. Kc3 Kb5 50. Rb4+ Ka5 51. Rb8 Rc7+ 52. Kd4 Rd7+ 53. Ke4 Ka6 54. Rb4 Ka5 55. Rc4 Rb7 56. Rc5+ Ka6 57. Rc8 Rb3 58. Rc7 Rxa3 59. Rxf7 Rxg3 60. Rf6 a3 61. Rxe6+ Kb5 62. Re8 Kb4 63. Ra8 Rg1 64. e6 Kb3 65. Ke5 a2 66. Kf6 a1=Q+ 67. Rxa1 Rxa1 68. Kxg6 Ra6 69. f5 Kc4 70. Kf7 1-0

[Event "FIDE WCC Blitz Women 2019"]
[Site "Moscow"]
[Date "2019.12.29"]
[Round "2.31"]
[White "Enkhtuul, Altan-Ulzii"]
[Black "Kovalevskaya, Ekaterina"]
[Result "1/2-1/2"]
[WhiteElo "2149"]
[BlackElo "2286"]
[Annotator "NA"]
[PlyCount "50"]
[EventDate "2019.12.29"]
[EventType "swiss"]
[EventCountry "RUS"]
[SourceTitle "playchess.com"]
[Source "ChessBase"]
[SourceQuality "1"]

1. Nf3 Nf6 2. d4 c5 3. c3 e6 4. g3 d5 5. Bg2 Nc6 6. O-O Be7 7. c4 O-O 8. cxd5 exd5 9. Nc3 Ne4 10. dxc5 Nxc3 11. bxc3 Bxc5 12. Nd4 Re8 13. Bf4 Bg4 14. Re1 Bb6 15. h3 Bh5 16. Nf5 d4 17. cxd4 Nxd4 18. Nxd4 Qxd4 19. Qxd4 Bxd4 20. Rab1 Rxe2 21. Rxe2 Bxe2 22. Bxb7 Rd8 23. Kg2 g6 24. Bf3 Bxf3+ 25. Kxf3 Bb6 1/2-1/2

[Event "FIDE WCC Blitz Women 2019"]
[Site "Moscow"]
[Date "2019.12.29"]
[Round "2.32"]
[White "Ambartsumova, Karina"]
[Black "Nur-Mukhametova, Alisa"]
[Result "1-0"]
[WhiteElo "2254"]
[BlackElo "1832"]
[Annotator "NA"]
[PlyCount "67"]
[EventDate "2019.12.29"]
[EventType "swiss"]
[EventCountry "RUS"]
[SourceTitle "playchess.com"]
[Source "ChessBase"]
[SourceQuality "1"]

1. c4 Nf6 2. Nc3 d5 3. d4 g6 4. e3 Bg7 5. Nf3 O-O 6. cxd5 Nxd5 7. Bc4 Nb6 8. Be2 Nc6 9. O-O e5 10. d5 Na5 11. e4 c6 12. b4 Nac4 13. Qb3 cxd5 14. Nxd5 Nxd5 15. Bxc4 Nf4 16. Be3 b6 17. Rad1 Qe7 18. Bxf4 exf4 19. Rfe1 Bb7 20. Bd5 Rfd8 21. h3 Rac8 22. Qa4 h6 23. Qxa7 Rb8 24. Bxb7 Rxd1 25. Qxb8+ Rd8 26. Bc8 Qe8 27. Rc1 Bb2 28. Rc2 Bg7 29. e5 g5 30. Qb7 Rd1+ 31. Kh2 h5 32. Bf5 Bf8 33. Rc8 Qe7 34. Qxe7 1-0

[Event "FIDE WCC Blitz Women 2019"]
[Site "Moscow"]
[Date "2019.12.29"]
[Round "2.33"]
[White "Ovezdurdiyeva, Jemal"]
[Black "Osmak, Iulija"]
[Result "0-1"]
[WhiteElo "1877"]
[BlackElo "2242"]
[Annotator "NA"]
[PlyCount "74"]
[EventDate "2019.12.29"]
[EventType "swiss"]
[EventCountry "RUS"]
[SourceTitle "playchess.com"]
[Source "ChessBase"]
[SourceQuality "1"]

1. d4 e6 2. c4 Nf6 3. Nc3 Bb4 4. e3 O-O 5. Nge2 Re8 6. a3 Bf8 7. Ng3 d5 8. Be2 dxc4 9. O-O c5 10. dxc5 Bxc5 11. Qxd8 Rxd8 12. Bxc4 Nc6 13. b4 Be7 14. Bb2 Ne5 15. Be2 Nd3 16. Bxd3 Rxd3 17. Rfd1 Rxd1+ 18. Rxd1 Bd7 19. Nce4 Ba4 20. Rc1 Nxe4 21. Nxe4 Bc6 22. Nc5 Rd8 23. Bd4 Bd5 24. Na4 Bc6 25. Nc5 Kf8 26. Nb3 Bd5 27. Nc5 b6 28. Nd3 Bd6 29. f3 f6 30. Nf2 e5 31. Bb2 Ke7 32. Kf1 Ke6 33. Ke2 Bb7 34. e4 Ba6+ 35. Ke3 g6 36. Nd1 Bf8 37. Nf2 Bh6+ 0-1

[Event "FIDE WCC Blitz Women 2019"]
[Site "Moscow"]
[Date "2019.12.29"]
[Round "2.34"]
[White "Bogumil, Tatiana"]
[Black "Strutinskaia, Galina"]
[Result "1-0"]
[WhiteElo "1996"]
[BlackElo "2227"]
[Annotator "NA"]
[PlyCount "111"]
[EventDate "2019.12.29"]
[EventType "swiss"]
[EventCountry "RUS"]
[SourceTitle "playchess.com"]
[Source "ChessBase"]
[SourceQuality "1"]

1. e4 c5 2. Nc3 Nc6 3. g3 g6 4. Bg2 Bg7 5. d3 d6 6. Bg5 h6 7. Be3 Nf6 8. h3 O-O 9. Nge2 e5 10. O-O Nd4 11. Qd2 Kh7 12. Kh2 Rb8 13. Nd1 b5 14. c3 Nxe2 15. Qxe2 a5 16. f4 Be6 17. Nf2 a4 18. Ng4 Qd7 19. Nxf6+ Bxf6 20. f5 Bg7 21. fxe6 fxe6 22. Rxf8 Rxf8 23. Rf1 Rc8 24. h4 a3 25. b3 Rd8 26. c4 Rb8 27. Qf2 Kg8 28. Qd2 Kh7 29. Rf2 Qc7 30. Bh3 Qe7 31. Qe1 d5 32. exd5 exd5 33. cxd5 e4 34. Bf4 Rd8 35. Qxe4 Qb7 36. Be6 c4 37. dxc4 bxc4 38. Qxc4 Qb6 39. Re2 Rf8 40. Qe4 Qc5 41. h5 Qc3 42. hxg6+ Kh8 43. Be5 Bxe5 44. Qxe5+ Qxe5 45. Rxe5 Rf2+ 46. Kh3 Rxa2 47. d6 Rd2 48. d7 a2 49. Ra5 Kg7 50. Rxa2 Rd6 51. Rf2 Kxg6 52. b4 Kg5 53. g4 h5 54. gxh5 Kxh5 55. Rf5+ Kg6 56. Rd5 1-0

[Event "FIDE WCC Blitz Women 2019"]
[Site "Moscow"]
[Date "2019.12.29"]
[Round "2.35"]
[White "Doluhanova, Evgeniya"]
[Black "Diakonova, Ekaterina"]
[Result "1-0"]
[WhiteElo "2222"]
[BlackElo "2090"]
[Annotator "NA"]
[PlyCount "93"]
[EventDate "2019.12.29"]
[EventType "swiss"]
[EventCountry "RUS"]
[SourceTitle "playchess.com"]
[Source "ChessBase"]
[SourceQuality "1"]

1. Nf3 Nf6 2. b3 g6 3. Bb2 Bg7 4. e4 d6 5. Bd3 c5 6. O-O O-O 7. c3 b6 8. Bc2 Bb7 9. Re1 d5 10. e5 Ne8 11. d4 e6 12. Nbd2 Nc6 13. Nf1 Nc7 14. Ne3 cxd4 15. cxd4 f6 16. exf6 Qxf6 17. Ng4 Qe7 18. a4 Rf4 19. h3 a5 20. Rc1 Nb4 21. Bb1 Ne8 22. Qd2 Rf8 23. Ng5 Nc7 24. Rxc7 Qxc7 25. Nxe6 Qf7 26. Nxf8 Qxf8 27. Ba3 Rc8 28. Ne5 Qd6 29. Bd3 Bf8 30. Bb5 Rd8 31. Qf4 Qc7 32. Rc1 Qe7 33. Kh2 Kg7 34. Nxg6 Kxg6 35. Qg4+ Qg5 36. Rc7 Qxg4 37. hxg4 Bc8 38. Bxb4 Bxb4 39. g3 Bxg4 40. Rc6+ Rd6 41. Rc7 Rf6 42. Kg2 Bf3+ 43. Kf1 Be4 44. Ke2 Bb1 45. f4 Ba2 46. Bd3+ Kh6 47. Rxh7# 1-0

[Event "FIDE WCC Blitz Women 2019"]
[Site "Moscow"]
[Date "2019.12.29"]
[Round "2.36"]
[White "Karavaeva, Olga"]
[Black "Khademalsharieh, Sarasadat"]
[Result "0-1"]
[WhiteElo "2174"]
[BlackElo "2463"]
[Annotator "ChessBase"]
[PlyCount "83"]
[EventDate "2019.12.29"]
[EventType "swiss"]
[EventCountry "RUS"]
[SourceTitle "playchess.com"]
[Source "ChessBase"]
[SourceQuality "1"]

1. c4 b6 2. Nc3 Bb7 3. Nf3 f5 4. g3 g6 5. Bg2 Bg7 6. d4 Nf6 7. b3 O-O 8. Bb2 d6 9. O-O Ne4 10. Qc2 Nxc3 11. Bxc3 Be4 12. Qb2 e6 13. Rad1 Nd7 14. d5 e5 15. b4 a5 16. a3 axb4 17. axb4 Qe7 18. Ra1 b5 19. Nd2 Bxg2 20. Kxg2 Nb6 21. Qb3 Qf7 22. Ra5 bxc4 23. Nxc4 Rxa5 24. Nxa5 Nxd5 25. Rd1 Nxc3 26. Qxc3 f4 27. Qc4 fxg3 28. Qxf7+ Kxf7 29. hxg3 Ke6 30. Rc1 Kd7 31. e4 h5 32. Rc4 Rb8 33. Nb3 c5 34. Rc2 Rxb4 35. Nd2 Bh6 36. Nf3 Rxe4 37. Ra2 c4 38. Nh4 c3 39. Nxg6 Rc4 40. Rc2 Bd2 41. Nh4 Ke6 42. Nf3 0-1

[Event "FIDE WCC Blitz Women 2019"]
[Site "Moscow"]
[Date "2019.12.29"]
[Round "2.37"]
[White "Kulon, Klaudia"]
[Black "Balaian, Alina"]
[Result "1-0"]
[WhiteElo "2457"]
[BlackElo "2173"]
[Annotator "ChessBase"]
[PlyCount "59"]
[EventDate "2019.12.29"]
[EventType "swiss"]
[EventCountry "RUS"]
[SourceTitle "playchess.com"]
[Source "ChessBase"]
[SourceQuality "1"]

1. d4 Nf6 2. Bg5 c5 3. d5 Qb6 4. Nc3 Qxb2 5. Bd2 Qb6 6. e4 d6 7. f4 e5 8. Nf3 exf4 9. Bxf4 Be7 10. Rb1 Qd8 11. e5 dxe5 12. Bxe5 Bd6 13. Bb5+ Kf8 14. O-O Bg4 15. Qe1 a6 16. Bd3 b5 17. Qg3 Bxe5 18. Nxe5 h5 19. Ne4 Qxd5 20. Nxf6 gxf6 21. Rxf6 Ra7 22. Rbf1 Kg7 23. Rxf7+ Rxf7 24. Rxf7+ Qxf7 25. Nxf7 Kxf7 26. Qf4+ Kg7 27. Qg5+ Kf7 28. Bg6+ Ke6 29. h3 Bd1 30. Qf5+ 1-0

[Event "FIDE WCC Blitz Women 2019"]
[Site "Moscow"]
[Date "2019.12.29"]
[Round "2.38"]
[White "Harika, Dronavalli"]
[Black "Nilssen, Ellen Fredericia"]
[Result "1-0"]
[WhiteElo "2445"]
[BlackElo "2162"]
[Annotator "NA"]
[PlyCount "117"]
[EventDate "2019.12.29"]
[EventType "swiss"]
[EventCountry "RUS"]
[SourceTitle "playchess.com"]
[Source "ChessBase"]
[SourceQuality "1"]

1. d4 Nf6 2. Nf3 g6 3. Bg5 d5 4. Nbd2 Bg7 5. e3 O-O 6. Bd3 Re8 7. O-O Nbd7 8. c4 dxc4 9. Nxc4 c5 10. Rc1 cxd4 11. Nxd4 Nb6 12. Nb5 Nxc4 13. Bxc4 Qxd1 14. Rfxd1 Rf8 15. f3 a6 16. Nc7 Rb8 17. b3 b5 18. Be2 Bb7 19. a4 bxa4 20. bxa4 a5 21. e4 h6 22. Be3 Ne8 23. Nb5 Nd6 24. Nxd6 exd6 25. Rxd6 Rfc8 26. Rxc8+ Rxc8 27. Bb5 Bf8 28. Rb6 Rc3 29. Rxb7 Rxe3 30. Bc4 Bc5 31. Kf1 Ra3 32. Bxf7+ Kf8 33. Bxg6 Rxa4 34. e5 Ra1+ 35. Ke2 Ra2+ 36. Kd3 Rxg2 37. Be4 Rxh2 38. Kc4 Bb4 39. Kd5 Rd2+ 40. Ke6 Bc3 41. f4 Rb2 42. Rc7 Rb6+ 43. Kf5 Bd2 44. Rc2 Bb4 45. e6 a4 46. Rc8+ Ke7 47. Rc7+ Kf8 48. Rf7+ Ke8 49. Ra7 a3 50. Bd5 Rb5 51. Ke4 Rb6 52. f5 Be7 53. Ra8+ Bd8 54. f6 Rb4+ 55. Kf5 a2 56. Bxa2 Rb5+ 57. Ke4 Rb4+ 58. Ke5 Rb5+ 59. Bd5 1-0

[Event "FIDE WCC Blitz Women 2019"]
[Site "Moscow"]
[Date "2019.12.29"]
[Round "2.39"]
[White "Ovod, Evgenija"]
[Black "Abdumalik, Zhansaya"]
[Result "0-1"]
[WhiteElo "2163"]
[BlackElo "2415"]
[Annotator "NA"]
[PlyCount "112"]
[EventDate "2019.12.29"]
[EventType "swiss"]
[EventCountry "RUS"]
[SourceTitle "playchess.com"]
[Source "ChessBase"]
[SourceQuality "1"]

1. e4 c5 2. c3 Nf6 3. e5 Nd5 4. Nf3 e6 5. d4 d6 6. Bc4 Nb6 7. Bb3 dxe5 8. Nxe5 cxd4 9. cxd4 N8d7 10. O-O Be7 11. Nc3 Nf6 12. Re1 O-O 13. Bc2 Bd7 14. Bg5 Rc8 15. Qd3 g6 16. Bh6 Re8 17. Rad1 Nbd5 18. Bb1 Bc6 19. Nxc6 Rxc6 20. Ne4 Qb8 21. Qf3 Qd8 22. h3 a6 23. a3 Rc8 24. Ng3 Qb6 25. Re2 a5 26. h4 Bd6 27. Ne4 Nxe4 28. Bxe4 Qb5 29. h5 Bf8 30. hxg6 hxg6 31. Bxf8 Rxf8 32. g3 Kg7 33. Kg2 Nf6 34. Bxb7 Rc7 35. Be4 Rh8 36. d5 exd5 37. Bxd5 Rc5 38. Red2 Qd7 39. Kg1 Rd8 40. Ba2 Qxd2 41. Rxd2 Rxd2 42. Qe3 Rdc2 43. b4 axb4 44. axb4 Rc7 45. Qb3 Ng4 46. Qd3 Rxa2 47. Qd4+ Nf6 48. g4 g5 49. Qe5 Rc6 50. Qxg5+ Kf8 51. b5 Re6 52. Qc5+ Kg7 53. b6 Nxg4 54. b7 Ra1+ 55. Kg2 Rb1 56. Qd4+ Nf6 0-1

[Event "FIDE WCC Blitz Women 2019"]
[Site "Moscow"]
[Date "2019.12.29"]
[Round "2.40"]
[White "Styazhkina, Anna"]
[Black "Gaponenko, Inna"]
[Result "0-1"]
[WhiteElo "2159"]
[BlackElo "2415"]
[Annotator "NA"]
[PlyCount "52"]
[EventDate "2019.12.29"]
[EventType "swiss"]
[EventCountry "RUS"]
[SourceTitle "playchess.com"]
[Source "ChessBase"]
[SourceQuality "1"]

1. e4 d6 2. d4 Nf6 3. Nc3 g6 4. Be3 c6 5. f3 Nbd7 6. Qd2 b5 7. g4 Nb6 8. Bd3 h5 9. g5 Nfd7 10. O-O-O Bg7 11. Kb1 Nc4 12. Bxc4 bxc4 13. f4 Rb8 14. Nce2 Qb6 15. c3 Qb5 16. Nf3 Nb6 17. Rc1 Na4 18. Rc2 d5 19. Rf1 dxe4 20. Ne5 h4 21. d5 Qxd5 22. Nd4 Bxe5 23. fxe5 c5 24. Ne2 Qxd2 25. Rxd2 Bg4 26. Kc2 Rxb2+ 0-1

[Event "FIDE WCC Blitz Women 2019"]
[Site "Moscow"]
[Date "2019.12.29"]
[Round "2.41"]
[White "Zatonskih, Anna"]
[Black "Manakova, Maria"]
[Result "1-0"]
[WhiteElo "2374"]
[BlackElo "2149"]
[Annotator "NA"]
[PlyCount "49"]
[EventDate "2019.12.29"]
[EventType "swiss"]
[EventCountry "RUS"]
[SourceTitle "playchess.com"]
[Source "ChessBase"]
[SourceQuality "1"]

1. d4 Nf6 2. Nf3 e6 3. g3 b6 4. Bg2 Bb7 5. c4 Be7 6. O-O O-O 7. Re1 Ne4 8. Nfd2 f5 9. Nxe4 fxe4 10. Nc3 d5 11. b3 Nd7 12. f3 exf3 13. exf3 c5 14. dxc5 Bxc5+ 15. Be3 Qf6 16. Bxc5 bxc5 17. Nb5 d4 18. Nc7 Rac8 19. Nxe6 Rfe8 20. Nf4 Rxe1+ 21. Qxe1 Ne5 22. Nd5 Nxf3+ 23. Bxf3 Qxf3 24. Qe6+ Kh8 25. Rf1 1-0

[Event "FIDE WCC Blitz Women 2019"]
[Site "Moscow"]
[Date "2019.12.29"]
[Round "2.42"]
[White "Munkhzul, Turmunkh"]
[Black "Buksa, Nataliya"]
[Result "1-0"]
[WhiteElo "2139"]
[BlackElo "2356"]
[Annotator "NA"]
[PlyCount "124"]
[EventDate "2019.12.29"]
[EventType "swiss"]
[EventCountry "RUS"]
[SourceTitle "playchess.com"]
[Source "ChessBase"]
[SourceQuality "1"]

1. e4 c5 2. Nf3 Nc6 3. Bb5 g6 4. Bxc6 dxc6 5. d3 Bg7 6. h3 Nf6 7. O-O Nd7 8. c3 e5 9. Be3 b6 10. a4 O-O 11. Na3 Re8 12. Nc4 Qc7 13. Qc2 Ba6 14. Rfd1 Nf8 15. a5 b5 16. Ncd2 Ne6 17. Nb3 Bf8 18. d4 cxd4 19. cxd4 exd4 20. Nfxd4 Rac8 21. Nxe6 Rxe6 22. Nc5 Bxc5 23. Bxc5 Rce8 24. Re1 Qf4 25. Qc1 Qxc1 26. Raxc1 Rxe4 27. Rxe4 Rxe4 28. Bxa7 Rc4 29. Rxc4 bxc4 30. Bd4 Kf8 31. Bc3 Ke7 32. Kf1 Ke6 33. Ke2 Kd5 34. Ke3 Bc8 35. Kf4 h6 36. Bg7 Kc5 37. Bxh6 Kb5 38. Ke5 Kxa5 39. Bd2+ Kb5 40. Bc3 Be6 41. Kf6 Kc5 42. Ke5 Kb5 43. h4 Ka4 44. Kf4 Kb3 45. g4 Kc2 46. h5 gxh5 47. gxh5 f6 48. h6 Bg8 49. Kf5 Bh7+ 50. Kxf6 Kd3 51. Kg7 Bf5 52. f4 Ke3 53. Be5 c3 54. bxc3 c5 55. h7 Bxh7 56. Kxh7 Ke4 57. Kg6 c4 58. Bd4 Kxf4 59. Kf6 Ke4 60. Ke6 Kd3 61. Kd5 Kc2 62. Kxc4 Kd2 1-0

[Event "FIDE WCC Blitz Women 2019"]
[Site "Moscow"]
[Date "2019.12.29"]
[Round "2.43"]
[White "Song, Yuxin"]
[Black "Danielian, Elina"]
[Result "1-0"]
[WhiteElo "2128"]
[BlackElo "2341"]
[Annotator "NA"]
[PlyCount "247"]
[EventDate "2019.12.29"]
[EventType "swiss"]
[EventCountry "RUS"]
[SourceTitle "playchess.com"]
[Source "ChessBase"]
[SourceQuality "1"]

1. e4 d6 2. d4 Nf6 3. Nc3 c6 4. Nf3 Bg4 5. Be2 e6 6. a4 d5 7. e5 Nfd7 8. O-O Be7 9. Be3 a6 10. h3 Bh5 11. Nd2 Bg6 12. f4 c5 13. Nf3 Nc6 14. Bd3 cxd4 15. Nxd4 O-O 16. Bxg6 hxg6 17. Nce2 Nxd4 18. Nxd4 Qc7 19. c3 Nc5 20. Qc2 Ne4 21. a5 Rac8 22. Rfc1 Bc5 23. Ra4 g5 24. Qe2 gxf4 25. Bxf4 f6 26. Kh2 Qd7 27. Raa1 fxe5 28. Bxe5 Bd6 29. Bxd6 Qxd6+ 30. Kg1 Rf2 31. Qg4 Re8 32. Rc2 Rf4 33. Qg6 Qd7 34. Nf3 Ref8 35. Ne5 Qd6 36. Nd3 R4f6 37. Qg4 Qc7 38. Re2 Qd6 39. Rc2 Qc7 40. Re2 Qf7 41. Ree1 Qe7 42. Re2 Qf7 43. Ree1 Rg6 44. Qe2 Qe7 45. Kh2 Qg5 46. Rg1 Qf6 47. Rgf1 Qg5 48. Rxf8+ Kxf8 49. Rf1+ Kg8 50. Qf3 Kh7 51. Nf4 Rf6 52. g3 Nd2 53. Qd3+ Ne4 54. h4 Qf5 55. Rf3 e5 56. Nxd5 Qxf3 57. Nxf6+ Qxf6 58. Qxe4+ Kg8 59. Qxb7 Qf2+ 60. Qg2 Qc5 61. b4 Qxc3 62. Qd5+ Kh7 63. Qe4+ Kg8 64. Qa8+ Kh7 65. Qe4+ Kg8 66. Kh3 Qa1 67. Qd5+ Kh7 68. Qd3+ Kg8 69. Qxa6 Qh1+ 70. Kg4 Qe4+ 71. Kh3 Qh1+ 72. Kg4 Qe4+ 73. Kg5 Kh7 74. Qe6 Qe3+ 75. Kg4 Qe4+ 76. Kh3 Qh1+ 77. Kg4 Qe4+ 78. Kh3 Qh1+ 79. Kg4 Qe4+ 80. Kg5 Qe3+ 81. Kf5 Qxg3 82. Qxe5 Qh3+ 83. Kg5 Qg2+ 84. Kf4 Qh2+ 85. Ke4 Qe2+ 86. Kd4 Qb2+ 87. Kd5 Qb3+ 88. Kc5 Qc2+ 89. Kb6 Qf2+ 90. Qc5 Qxh4 91. a6 Qf6+ 92. Qc6 Qd4+ 93. Qc5 Qf6+ 94. Kb7 Qf3+ 95. Qc6 Qf7+ 96. Kb6 Qf2+ 97. Qc5 Qf6+ 98. Ka5 Qa1+ 99. Kb5 Qf1+ 100. Qc4 Qf5+ 101. Ka4 Qf6 102. b5 Qa1+ 103. Kb4 Qb2+ 104. Ka5 Qa3+ 105. Qa4 Qc3+ 106. Qb4 Qf6 107. a7 Qd8+ 108. b6 Qd5+ 109. Ka6 Qd3+ 110. Qb5 Qa3+ 111. Kb7 Qf3+ 112. Qc6 Qf7+ 113. Qc7 Qf3+ 114. Kb8 Qf8+ 115. Qc8 Qf4+ 116. Ka8 Qf3+ 117. b7 Kh6 118. Qh8+ Kg6 119. Qe8+ Kh7 120. Qd7 Kh6 121. Kb8 Qf4+ 122. Kc8 Qf8+ 123. Kc7 Qc5+ 124. Qc6+ 1-0

[Event "FIDE WCC Blitz Women 2019"]
[Site "Moscow"]
[Date "2019.12.29"]
[Round "2.44"]
[White "Guindy Esmat Susanne (DEN)"]
[Black "Guichard, Pauline"]
[Result "0-1"]
[WhiteElo "2120"]
[BlackElo "2335"]
[Annotator "NA"]
[PlyCount "44"]
[EventDate "2019.12.29"]
[EventType "swiss"]
[EventCountry "RUS"]
[SourceTitle "playchess.com"]
[Source "ChessBase"]
[SourceQuality "1"]

1. d4 Nf6 2. Nf3 e6 3. c4 d5 4. Bg5 Bb4+ 5. Nbd2 dxc4 6. Qc2 b5 7. e4 h6 8. Bxf6 Qxf6 9. a4 c6 10. Be2 O-O 11. O-O Bb7 12. Rfd1 a6 13. b3 Bxd2 14. Rxd2 cxb3 15. Qxb3 Nd7 16. Rc1 Rac8 17. Rdc2 Nb6 18. a5 Nd7 19. e5 Qf4 20. Rd1 Rfd8 21. Ne1 c5 22. dxc5 Qxe5 0-1

[Event "FIDE WCC Blitz Women 2019"]
[Site "Moscow"]
[Date "2019.12.29"]
[Round "2.45"]
[White "Mamedjarova, Zeinab"]
[Black "Khokhlova, Daria"]
[Result "1-0"]
[WhiteElo "2325"]
[BlackElo "2109"]
[Annotator "NA"]
[PlyCount "83"]
[EventDate "2019.12.29"]
[EventType "swiss"]
[EventCountry "RUS"]
[SourceTitle "playchess.com"]
[Source "ChessBase"]
[SourceQuality "1"]

1. d4 c5 2. e3 cxd4 3. exd4 Nf6 4. Nf3 d5 5. Bd3 g6 6. c3 Bg7 7. Qe2 O-O 8. Ne5 Nc6 9. O-O Nxe5 10. dxe5 Nd7 11. e6 Nc5 12. exf7+ Rxf7 13. Bc2 e5 14. Be3 Na6 15. Bb3 Nc7 16. f3 Be6 17. Bf2 d4 18. Na3 Bxb3 19. axb3 Ne6 20. Bg3 d3 21. Qe3 Nf4 22. Nc4 Ne2+ 23. Kh1 Nxg3+ 24. hxg3 Rf5 25. Rfd1 b5 26. Rxd3 Rh5+ 27. Kg1 Qf8 28. Nd6 Rd8 29. Ne4 Bh6 30. Qe2 Rxd3 31. Qxd3 Qb8 32. Qd5+ Kh8 33. Qc5 Qb6 34. Qxb6 axb6 35. Ra7 Be3+ 36. Kf1 Rf5 37. Ke2 Bc5 38. b4 Bf8 39. g4 Rf4 40. g5 h6 41. Nf6 Bg7 42. Ra8+ 1-0

[Event "FIDE WCC Blitz Women 2019"]
[Site "Moscow"]
[Date "2019.12.29"]
[Round "2.46"]
[White "Shuvalova, Polina"]
[Black "Afonasieva, Anna"]
[Result "1/2-1/2"]
[WhiteElo "2302"]
[BlackElo "2099"]
[Annotator "NA"]
[PlyCount "70"]
[EventDate "2019.12.29"]
[EventType "swiss"]
[EventCountry "RUS"]
[SourceTitle "playchess.com"]
[Source "ChessBase"]
[SourceQuality "1"]

1. e4 c5 2. Nf3 d6 3. Bb5+ Nd7 4. Ba4 Ngf6 5. O-O a6 6. c4 e5 7. Nc3 Be7 8. d3 O-O 9. Bd2 b6 10. a3 Bb7 11. b4 Ne8 12. Rb1 Rb8 13. Qe2 f5 14. Nd5 Bxd5 15. cxd5 b5 16. Bb3 fxe4 17. dxe4 c4 18. Bc2 Nef6 19. a4 Qe8 20. Ng5 Nh5 21. Ne6 Rf6 22. Bg5 Nf4 23. Nxf4 Rxf4 24. Bxf4 exf4 25. axb5 axb5 26. e5 dxe5 27. Qe4 Qh5 28. d6 Bf8 29. Ra1 Nf6 30. Qc6 e4 31. Bxe4 Rd8 32. Bf3 Qe5 33. Rad1 Rxd6 34. Rxd6 Bxd6 35. Rd1 Bxb4 1/2-1/2

[Event "FIDE WCC Blitz Women 2019"]
[Site "Moscow"]
[Date "2019.12.29"]
[Round "2.47"]
[White "Dauletova, Gulmira"]
[Black "Nomin-Erdene, Davaademberel"]
[Result "0-1"]
[WhiteElo "2112"]
[BlackElo "2298"]
[Annotator "NA"]
[PlyCount "86"]
[EventDate "2019.12.29"]
[EventType "swiss"]
[EventCountry "RUS"]
[SourceTitle "playchess.com"]
[Source "ChessBase"]
[SourceQuality "1"]

1. e4 c6 2. d4 d5 3. Nc3 dxe4 4. Nxe4 Bf5 5. Ng3 Bg6 6. h4 h6 7. Nf3 Nd7 8. h5 Bh7 9. Bd3 Bxd3 10. Qxd3 e6 11. Bd2 Ngf6 12. O-O-O Be7 13. Ne5 Nxe5 14. dxe5 Qxd3 15. cxd3 Ng4 16. f4 Nf2 17. Bc3 Nxh1 18. Rxh1 Rd8 19. Kc2 Rd5 20. Ne4 O-O 21. g4 f5 22. exf6 Bxf6 23. Bd2 e5 24. f5 Be7 25. Rf1 Kh7 26. Rf3 c5 27. b3 b5 28. Nc3 Rd4 29. Rg3 a6 30. Be3 Rd7 31. Ne4 Rc8 32. Bd2 c4 33. dxc4 bxc4 34. b4 Rd4 35. Nc3 Bxb4 36. Be3 Rd3 37. Ne2 Rcd8 38. a3 Rxa3 39. Bf2 Rxg3 40. Nxg3 Rd2+ 41. Kc1 Rxf2 42. Ne4 Re2 43. Ng3 Re3 0-1